| 000 | 00573nam a2200205Ia 4500 | ||
|---|---|---|---|
| 005 | 20250923150040.0 | ||
| 008 | 008 250917s9999 xx 000 0 eng d | ||
| 037 | _aTextual | ||
| 040 |
_aDSWL _beng _cDSWL |
||
| 041 |
_aeng _2eng |
||
| 084 |
_aY15.236,d, N95 _qDSWL |
||
| 100 |
_aAhlawat, Neerja _9841652 |
||
| 245 | 0 |
_aWomen organisation and social networks _c by Neerja Ahlawat |
|
| 260 |
_aRawat _b Publications _c1995 |
||
| 300 | _a168p. | ||
| 365 |
_aINR _b225 |
||
| 925 | _g225 | ||
| 942 |
_cTEXL _hY15.236,d, N95 |
||
| 999 |
_c1458956 _d1458956 |
||